00798nam a2200121Ia 4500008004100000020001800041100009300059245018000152260002700332650001200359650026000371856004500631171212s9999 xx 000 0 und d a9780833080431 aMoroney, Jennifer D. P.;Pezard, Stephanie;Miller, Laurel E.;Engstrom, Jeffrey;Doll, Abby cMoroney, Jennifer D. P.;Pezard, Stephanie;Miller, Laurel E.;Engstrom, Jeffrey;Doll, AbbyaLessons from Department of Defense Disaster Relief Efforts in the Asia-Pacific Region bRAND Corporationc2013 aHistory aUnited States -- Armed Forces -- Civic action -- Case studies; Disaster relief -- Pacific Area -- Case studies; Disaster relief -- United States -- Evaluation; United States. Department of Defense -- Rules and practice -- Evaluation; Humanitarian assistan uwww.jstor.org/stable/10.7249/j.ctt4cgdkv